000 00611nam a2200193Ia 4500
008 140925s9999 xx 000 0 und d
020 _a1471-3802
100 _aSue, Ralph.
245 _aJournal of Research in Special Educational Needs /
_cSue Ralph.
_h[electronic resource]
260 _bJohn Wiley & Sons, Inc.,
_cc2014.
516 _aElectronic text
650 _aJournal.
650 _aResearch.
650 _aSpecial Education.
830 _aJohn Wiley & Sons, Inc. 
856 _uhttp://onlinelibrary.wiley.com/journal/10.1111/%28ISSN%291471-3802
942 _cEJ
999 _c275730
_d275730